000 00411nam a2200169Ia 4500
008 170705s9999 xx 000 0 und d
020 _a9780439350976
245 _aOur flag /
245 _cCynthia Rothman ; illustrated by Esther Baran.
260 _aNew York :
260 _bScholastic,
260 _c2002
300 _a16 pages :
300 _bcolor illustration ;
300 _c23cm.
500 _aBR
999 _c336790
_d336790